000 00559nam a2200181Ia 4500
003 OSt
005 20260307123503.0
008 210210b1950 xxu||||| |||| 00| 0 eng d
040 _cAL
041 _ahin
082 _a863/68
100 _aPRASAD (Jaishanker)
_9199915
_dप्रसाद (जयशंकर)
245 _aSkanda Gupta vikramaditya:
_bस्कन्दा गुप्ता विक्रमादित्या
260 _aAllahabad
_bBharati Bhandar
_c1950
690 _aHindi Drama
_9199917
906 _a023443
942 _2ddc
_cBK
999 _c148408
_d148408